000 00271nam a2200097Ia 4500
001 718289
005 20250826163020.0
008 250824s9999 xx 000 0 und d
245 0 _aFATİH SULTAN MEHMED VE İSTANBUL UN FETHİ
_cYAVUZ BAHADIROĞLU
260 _bPANAMA YAYINLARI
999 _c718289
_d718289